[Event "SLO-chT U20"]
[Site "Nova Gorica"]
[Date "2009.08.26"]
[Round "8"]
[White "Kralj, Samo"]
[Black "Pavlic, Petra"]
[Result "1-0"]
[WhiteElo "1810"]
[BlackElo "1578"]
[PlyCount "49"]
[EventDate "2009.08.22"]
[EventType "team-tourn"]
[EventRounds "9"]
[EventCountry "SLO"]
[SourceTitle "CBM 132 Extra"]
[Source "ChessBase"]
[SourceDate "2009.11.03"]
[SourceVersion "1"]
[SourceVersionDate "2009.11.03"]
[SourceQuality "1"]

1. e4 e5 2. Nf3 Nc6 3. c3 Nf6 4. d4 exd4 5. e5 Nd5 6. Bc4 Nb6 7. Qb3 Nxc4 8.
Qxc4 d5 9. exd6 Bxd6 10. cxd4 O-O 11. O-O Qf6 12. Nc3 Qg6 13. d5 Ne5 14. Nxe5
Bxe5 15. f4 Bd6 16. Nb5 Bf5 17. Rf3 Rfe8 18. Bd2 a6 19. Nxd6 Qxd6 20. Bb4 Qd7
21. Rg3 Be4 22. Bc3 g6 23. Qd4 Kf8 24. Qg7+ Ke7 25. Qf6+ 1-0

[Event "SLO-chT U20"]
[Site "Nova Gorica"]
[Date "2009.08.26"]
[Round "7"]
[White "Brank, Bine"]
[Black "Novak, Matic"]
[Result "0-1"]
[WhiteElo "1719"]
[BlackElo "1508"]
[PlyCount "42"]
[EventDate "2009.08.22"]
[EventType "team-tourn"]
[EventRounds "9"]
[EventCountry "SLO"]
[SourceTitle "CBM 132 Extra"]
[Source "ChessBase"]
[SourceDate "2009.11.03"]
[SourceVersion "1"]
[SourceVersionDate "2009.11.03"]
[SourceQuality "1"]

1. e4 e5 2. Nf3 Nc6 3. c3 d5 4. Qa4 dxe4 5. Nxe5 Qd5 6. Nxc6 Bd7 7. Bc4 Qxc6 8.
Qb3 Be6 9. Bxe6 fxe6 10. O-O O-O-O 11. Re1 Re8 12. d4 exd3 13. Bf4 Bc5 14. Nd2
Nf6 15. h3 Nh5 16. Be3 Bxe3 17. Rxe3 Nf4 18. Nf3 g5 19. Rae1 h5 20. Re4 Ne2+
21. Kh1 Qxe4 0-1

[Event "Nikaia op 17th"]
[Site "Nikaia"]
[Date "2009.08.26"]
[Round "6"]
[White "Jordanova, Svetla"]
[Black "Doumas, Georgios"]
[Result "1-0"]
[WhiteElo "2200"]
[BlackElo "2059"]
[PlyCount "59"]
[EventDate "2009.08.22"]
[EventType "swiss"]
[EventRounds "9"]
[EventCountry "GRE"]
[SourceTitle "CBM 132 Extra"]
[Source "ChessBase"]
[SourceDate "2009.11.03"]
[SourceVersion "1"]
[SourceVersionDate "2009.11.03"]
[SourceQuality "1"]

1. e4 e5 2. Nf3 Nc6 3. c3 d5 4. Qa4 Bd7 5. exd5 Nd4 6. Qd1 Nxf3+ 7. Qxf3 Nf6 8.
c4 Bc5 9. Nc3 Bg4 10. Qg3 Qd7 11. h3 Bf5 12. Qxg7 O-O-O 13. Qxf6 e4 14. g4 Bg6
15. Be2 Rde8 16. Qh4 Rhf8 17. a3 f5 18. g5 f4 19. Bg4 Bf5 20. Bxf5 Qxf5 21. Qg4
e3 22. Qxf5+ Rxf5 23. dxe3 Rxg5 24. f3 Bxe3 25. Ne4 Bxc1 26. Rxc1 Rg2 27. b4
Ra2 28. Rg1 Rxa3 29. Ke2 Ra2+ 30. Kd3 1-0

[Event "5. LSS No Engine Cup Preliminary 5"]
[Site "Lechenicher SchachServer"]
[Date "2009.08.26"]
[Round "?"]
[White "Erdos, Viktor"]
[Black "Pecsi, Roland"]
[Result "1-0"]
[WhiteElo "944"]
[BlackElo "707"]
[PlyCount "130"]
[EventDate "2009.08.27"]

1. e4 e5 2. Nf3 Nc6 3. c3 Nf6 4. Qa4 d6 5. Bb5 Bd7 6. d4 exd4 7. cxd4 Nxe4 8.
d5 Nc5 9. Qc2 Nb4 10. Qe2+ Be7 11. Qc4 Ncd3+ 12. Ke2 Nxc1+ 13. Rxc1 c6 14. dxc6
bxc6 15. Qxb4 cxb5 16. Nc3 d5 17. Qf4 Bc6 18. Ne5 d4 19. Ne4 Bxe4 20. Qxe4 O-O
21. Nc6 d3+ 22. Ke3 Bg5+ 23. f4 d2 24. Rd1 Qb6+ 25. Kxd2 Bxf4+ 26. Qxf4 Qxc6
27. Rac1 Rad8+ 28. Ke2 Rfe8+ 29. Kf2 Qb6+ 30. Kf1 Rxd1+ 31. Rxd1 h6 32. Qd4
Qxd4 33. Rxd4 a6 34. Rd6 Ra8 35. b4 a5 36. bxa5 Rxa5 37. Rd2 b4 38. Rb2 f5 39.
Kf2 g5 40. g3 f4 41. gxf4 gxf4 42. Rxb4 Rxa2+ 43. Kg1 f3 44. Rg4+ Kh7 45. Rf4
Rg2+ 46. Kf1 Rxh2 47. Rxf3 Ra2 48. Rf7+ Kg6 49. Rf3 h5 50. Rg3+ Kf5 51. Kg1 Kf4
52. Rg2 Ra1+ 53. Kh2 Kf3 54. Rg3+ Kf4 55. Kh3 Rh1+ 56. Kg2 h4 57. Ra3 Re1 58.
Rf3+ Kg4 59. Ra3 Re2+ 60. Kf1 h3 61. Kxe2 h2 62. Ra1 Kg3 63. Rh1 Kg2 64. Rxh2+
Kxh2 65. Kf3 Kh3 1-0

[Event "FICGS__CHESS__THEMATIC_TOURNAMENT__0000"]
[Site "FICGS"]
[Date "2009.08.25"]
[Round "1"]
[White "D'Ettorre, Rodolfo"]
[Black "Batal, Jean"]
[Result "1/2-1/2"]
[WhiteElo "1950"]
[BlackElo "1697"]
[PlyCount "80"]
[EventDate "2009.??.??"]
[EventType "swiss"]
[EventRounds "1"]
[SourceTitle "OM Corr 202003"]
[Source "Opening Master"]
[SourceDate "2019.05.30"]
[SourceVersion "2"]
[SourceVersionDate "2019.05.30"]
[SourceQuality "1"]

1. e4 e5 2. Nf3 Nc6 3. c3 d6 4. Bb5 Bd7 5. d4 Nf6 6. Nbd2 Be7 7. O-O O-O 8. Re1
Nxd4 9. Nxd4 exd4 10. Bxd7 dxc3 11. Ba4 cxd2 12. Bxd2 Nd7 13. f4 Bf6 14. e5
dxe5 15. Bb4 c5 16. Bxd7 cxb4 17. fxe5 Bh4 18. g3 Be7 19. Qd5 Rc8 20. e6 f5 21.
Qxb7 Rc2 22. Rec1 Rxb2 23. Rc8 Qa5 24. Rxf8+ Bxf8 25. Bb5 h6 26. Qf7+ Kh7 27.
Qxf5+ g6 28. Qf7+ Bg7 29. Bd3 Qh5 30. h3 Qg5 31. Qf4 Qd5 32. Qe4 Qxe4 33. Bxe4
Re2 34. Bd3 Rxe6 35. Rd1 h5 36. Kg2 Kh6 37. Bc4 Rc6 38. Bb3 Rc3 39. Rd5 Bf6 40.
Rb5 Be7 1/2-1/2

[Event "FICGS__CHESS__THEMATIC_TOURNAMENT__0000"]
[Site "FICGS"]
[Date "2009.08.25"]
[Round "1"]
[White "Savu, Alex"]
[Black "Caeiro, Pedro"]
[Result "1-0"]
[WhiteElo "1350"]
[BlackElo "1400"]
[PlyCount "85"]
[EventDate "2009.??.??"]
[EventType "swiss"]
[EventRounds "1"]
[SourceTitle "OM Corr 202003"]
[Source "Opening Master"]
[SourceDate "2019.05.30"]
[SourceVersion "2"]
[SourceVersionDate "2019.05.30"]
[SourceQuality "1"]

1. e4 e5 2. Nf3 Nc6 3. c3 Bc5 4. d4 exd4 5. cxd4 Bb4+ 6. Bd2 d6 7. a3 Bxd2+ 8.
Nbxd2 Nf6 9. Bc4 O-O 10. O-O Bg4 11. Qc2 Re8 12. Rfe1 d5 13. exd5 Rxe1+ 14.
Rxe1 Nxd5 15. Bb5 Nce7 16. Bd3 h6 17. Ne5 Be6 18. Bh7+ Kh8 19. Be4 c6 20. Nb3
f6 21. Nc5 fxe5 22. Nxe6 Qd6 23. Bxd5 Nxd5 24. Qg6 Rg8 25. dxe5 Qe7 26. f4 Qe8
27. Qf5 Qd7 28. Qh3 Re8 29. f5 Nc7 30. Nxc7 Qxc7 31. Qe3 Qb6 32. Qxb6 axb6 33.
g4 Kg8 34. e6 Kf8 35. Rd1 Rb8 36. Rd7 c5 37. Kf2 b5 38. Ke3 b6 39. Ke4 Rc8 40.
Rf7+ Kg8 41. Rb7 Rd8 42. Ke5 Rd2 43. Rb8+ 1-0

[Event "FICGS__CHESS__THEMATIC_TOURNAMENT__0000"]
[Site "FICGS"]
[Date "2009.08.25"]
[Round "1"]
[White "Batal, Jean"]
[Black "Nenciulescu, Silviu Catalin"]
[Result "1/2-1/2"]
[WhiteElo "1697"]
[BlackElo "2163"]
[PlyCount "76"]
[EventDate "2009.??.??"]
[EventType "swiss"]
[EventRounds "1"]
[SourceTitle "OM Corr 202003"]
[Source "Opening Master"]
[SourceDate "2019.05.30"]
[SourceVersion "2"]
[SourceVersionDate "2019.05.30"]
[SourceQuality "1"]

1. e4 e5 2. Nf3 Nc6 3. c3 f5 4. d4 fxe4 5. Nxe5 Qf6 6. Ng4 Qg6 7. Bf4 d6 8. Ne3
Nf6 9. Na3 a6 10. Qb3 Be7 11. Nac2 Nd8 12. Bg3 Nf7 13. Bc4 O-O 14. Be6 Bxe6 15.
Qxe6 Rfe8 16. Qb3 Rab8 17. a4 Kh8 18. a5 Nh5 19. O-O c6 20. Ra4 Nxg3 21. hxg3
d5 22. c4 dxc4 23. Nxc4 Qh5 24. Re1 Qd5 25. Nd2 Bg5 26. Qxd5 cxd5 27. Nb1 Rec8
28. Nc3 Bd2 29. Rb1 Rd8 30. Nd1 b5 31. axb6 Rxb6 32. Nde3 Ng5 33. Rd1 Bxe3 34.
Nxe3 h6 35. Ra5 Rxb2 36. Nxd5 Rf8 37. Nf4 Rf6 38. Re5 Kg8 1/2-1/2

[Event "FICGS__CHESS__THEMATIC_TOURNAMENT__0000"]
[Site "FICGS"]
[Date "2009.08.25"]
[Round "1"]
[White "Simmelink, Joop"]
[Black "Batal, Jean"]
[Result "1/2-1/2"]
[WhiteElo "2167"]
[BlackElo "1697"]
[PlyCount "97"]
[EventDate "2009.??.??"]
[EventType "swiss"]
[EventRounds "1"]
[SourceTitle "OM Corr 202003"]
[Source "Opening Master"]
[SourceDate "2019.05.30"]
[SourceVersion "2"]
[SourceVersionDate "2019.05.30"]
[SourceQuality "1"]

1. e4 e5 2. Nf3 Nc6 3. c3 d6 4. d3 Nf6 5. Be2 g6 6. O-O Bg7 7. b4 O-O 8. b5 Nb8
9. a4 Nbd7 10. Be3 a6 11. Nbd2 axb5 12. axb5 Rxa1 13. Qxa1 Ng4 14. Bg5 Bf6 15.
Bxf6 Ngxf6 16. Re1 Nc5 17. Bf1 Re8 18. Qb1 Bg4 19. h3 Bxf3 20. Nxf3 d5 21. Qb4
dxe4 22. Qxc5 b6 23. Qe3 exf3 24. Qxf3 Kg7 25. g3 Qd6 26. Bg2 Rd8 27. Re3 Nd7
28. Kh2 Nc5 29. Qe2 Nxd3 30. Bf1 Nc1 31. Qe1 Qd2 32. Rxe5 Na2 33. c4 Kf6 34.
Kg2 Nc3 35. Re3 Qxe1 36. Rxe1 Rd2 37. Kf3 Rd6 38. Re3 Nb1 39. Bd3 Nd2+ 40. Ke2
Nb3 41. Be4 Nd4+ 42. Ke1 Kg7 43. Rd3 f5 44. Bd5 Nc2+ 45. Ke2 Nb4 46. Rd1 Kf6
47. f4 Ke7 48. Ke3 Rd8 49. Bf3 1/2-1/2

[Event "FICGS__CHESS__THEMATIC_TOURNAMENT__0000"]
[Site "FICGS"]
[Date "2009.08.25"]
[Round "1"]
[White "D'Ettorre, Rodolfo"]
[Black "Simmelink, Joop"]
[Result "1/2-1/2"]
[WhiteElo "1950"]
[BlackElo "2167"]
[PlyCount "114"]
[EventDate "2009.??.??"]
[EventType "swiss"]
[EventRounds "1"]
[SourceTitle "OM Corr 202003"]
[Source "Opening Master"]
[SourceDate "2019.05.30"]
[SourceVersion "2"]
[SourceVersionDate "2019.05.30"]
[SourceQuality "1"]

1. e4 e5 2. Nf3 Nc6 3. c3 d5 4. Qa4 Bd7 5. exd5 Nd4 6. Qd1 Nxf3+ 7. Qxf3 Nf6 8.
Bc4 e4 9. Qe2 Bd6 10. d4 O-O 11. Bg5 h6 12. Bh4 Bf4 13. O-O Re8 14. Re1 Rc8 15.
Na3 a5 16. Bb3 a4 17. Bc2 c5 18. dxc5 Rxc5 19. Bxf6 Qxf6 20. g3 Qg5 21. Rad1 f5
22. Rd4 Bd6 23. Nc4 Bc7 24. d6 Bd8 25. a3 Bb5 26. b4 Rxc4 27. Rxc4 Bb6 28. Rd1
Kh7 29. d7 Re6 30. Bb1 Rc6 31. Ba2 Bd8 32. Kg2 Bxc4 33. Bxc4 g6 34. h4 Qf6 35.
Rd4 Kg7 36. Qd2 Qe5 37. Ba2 g5 38. b5 e3 39. fxe3 Qxb5 40. Bd5 Rd6 41. Bf3 Rb6
42. Rb4 Qc5 43. hxg5 hxg5 44. Rxb6 Qxb6 45. g4 fxg4 46. Bxg4 Kf6 47. c4 Qc6+
48. Bf3 Qc5 49. Qc3+ Ke6 50. Qd3 Qe5 51. Bg4+ Ke7 52. Kf3 Qf6+ 53. Bf5 Bc7 54.
Kg4 b6 55. Kh5 Qe5 56. Kxg5 Bd6 57. e4 Qg7+ 1/2-1/2

[Event "FICGS__CHESS__THEMATIC_TOURNAMENT__0000"]
[Site "FICGS"]
[Date "2009.08.25"]
[Round "1"]
[White "Nenciulescu, Silviu Catalin"]
[Black "D'Ettorre, Rodolfo"]
[Result "1/2-1/2"]
[WhiteElo "2163"]
[BlackElo "1950"]
[PlyCount "61"]
[EventDate "2009.??.??"]
[EventType "swiss"]
[EventRounds "1"]
[SourceTitle "OM Corr 202003"]
[Source "Opening Master"]
[SourceDate "2019.05.30"]
[SourceVersion "2"]
[SourceVersionDate "2019.05.30"]
[SourceQuality "1"]

1. e4 e5 2. Nf3 Nc6 3. c3 Nf6 4. d4 Nxe4 5. d5 Nb8 6. Qe2 Nf6 7. Nxe5 Be7 8.
Ng4 O-O 9. Nxf6+ Bxf6 10. Be3 Re8 11. Na3 d6 12. O-O-O Nd7 13. Qd2 Nc5 14. Bb5
Bd7 15. Rhe1 Bxb5 16. Nxb5 Qd7 17. Nd4 Qa4 18. Kb1 Qc4 19. Nc2 Na4 20. Qd3 b5
21. Rd2 a6 22. Qxc4 bxc4 23. Na3 Rab8 24. Kc1 Re4 25. Rde2 h6 26. g3 Rbe8 27.
f3 R4e5 28. Nxc4 Rxd5 29. Kc2 Rb5 30. Bc1 Rxe2+ 31. Rxe2 1/2-1/2

[Event "FICGS__CHESS__THEMATIC_TOURNAMENT__0000"]
[Site "FICGS"]
[Date "2009.08.25"]
[Round "1"]
[White "Bromo, Alexis"]
[Black "Savu, Alex"]
[Result "0-1"]
[WhiteElo "1441"]
[BlackElo "1350"]
[PlyCount "24"]
[EventDate "2009.??.??"]
[EventType "swiss"]
[EventRounds "1"]
[SourceTitle "OM Corr 202003"]
[Source "Opening Master"]
[SourceDate "2019.05.30"]
[SourceVersion "2"]
[SourceVersionDate "2019.05.30"]
[SourceQuality "1"]

1. e4 e5 2. Nf3 Nc6 3. c3 d5 4. Bd3 Nf6 5. Nh4 Nxe4 6. Bxe4 dxe4 7. O-O Qxh4 8.
d4 exd4 9. cxd4 Bg4 10. Qa4 Bd6 11. g3 Qh3 12. Nd2 Bf3 0-1

[Event "FICGS__CHESS__THEMATIC_TOURNAMENT__0000"]
[Site "FICGS"]
[Date "2009.08.25"]
[Round "1"]
[White "Simmelink, Joop"]
[Black "Caeiro, Pedro"]
[Result "1-0"]
[WhiteElo "2167"]
[BlackElo "1400"]
[PlyCount "47"]
[EventDate "2009.??.??"]
[EventType "swiss"]
[EventRounds "1"]
[SourceTitle "OM Corr 202003"]
[Source "Opening Master"]
[SourceDate "2019.05.30"]
[SourceVersion "2"]
[SourceVersionDate "2019.05.30"]
[SourceQuality "1"]

1. e4 e5 2. Nf3 Nc6 3. c3 Bc5 4. Bb5 d6 5. d4 exd4 6. cxd4 Bb4+ 7. Kf1 Bd7 8.
Qa4 Nge7 9. a3 Ba5 10. d5 a6 11. Bxc6 Bxc6 12. Qxa5 Bb5+ 13. Kg1 O-O 14. Nc3 b6
15. Qb4 c5 16. dxc6 Nxc6 17. Qb3 Na5 18. Qd1 Bc4 19. Bf4 Nb7 20. Nd4 Qc8 21.
Nf5 Qe6 22. Bh6 gxh6 23. Qg4+ Qg6 24. Ne7+ 1-0

[Event "FICGS__CHESS__THEMATIC_TOURNAMENT__0000"]
[Site "FICGS"]
[Date "2009.08.25"]
[Round "1"]
[White "Nenciulescu, Silviu Catalin"]
[Black "Bromo, Alexis"]
[Result "1-0"]
[WhiteElo "2163"]
[BlackElo "1441"]
[PlyCount "29"]
[EventDate "2009.??.??"]
[EventType "swiss"]
[EventRounds "1"]
[SourceTitle "OM Corr 202003"]
[Source "Opening Master"]
[SourceDate "2019.05.30"]
[SourceVersion "2"]
[SourceVersionDate "2019.05.30"]
[SourceQuality "1"]

1. e4 e5 2. Nf3 Nc6 3. c3 f5 4. d4 d6 5. exf5 Bxf5 6. Bb5 Bd7 7. dxe5 Qe7 8.
O-O O-O-O 9. Bg5 Qe6 10. Bxd8 Kxd8 11. Na3 a6 12. Bxc6 Bxc6 13. Nd4 Qxe5 14.
Re1 Qg5 15. Ne6+ 1-0

[Event "FICGS__CHESS__THEMATIC_TOURNAMENT__0000"]
[Site "FICGS"]
[Date "2009.08.25"]
[Round "1"]
[White "Caeiro, Pedro"]
[Black "Nenciulescu, Silviu Catalin"]
[Result "0-1"]
[WhiteElo "1400"]
[BlackElo "2163"]
[PlyCount "88"]
[EventDate "2009.??.??"]
[EventType "swiss"]
[EventRounds "1"]
[SourceTitle "OM Corr 202003"]
[Source "Opening Master"]
[SourceDate "2019.05.30"]
[SourceVersion "2"]
[SourceVersionDate "2019.05.30"]
[SourceQuality "1"]

1. e4 e5 2. Nf3 Nc6 3. c3 f5 4. exf5 e4 5. Nd4 Nf6 6. d3 Nxd4 7. cxd4 Bb4+ 8.
Nc3 Qe7 9. Be2 d5 10. a3 Bxc3+ 11. bxc3 Bxf5 12. dxe4 Nxe4 13. Bd2 O-O 14. O-O
Qf6 15. f3 Nxd2 16. Qxd2 Rae8 17. Rae1 Qd6 18. Qb2 b6 19. Qc1 Qc6 20. Qa1 Re3
21. a4 Qxc3 22. Qxc3 Rxc3 23. Rc1 Rxc1 24. Rxc1 Rf7 25. Bb5 Kf8 26. Kf2 Re7 27.
g4 Bg6 28. h4 a5 29. Rc3 Be8 30. Rb3 Kf7 31. Kg3 Bxb5 32. Rxb5 Ke6 33. h5 Kd6
34. g5 Re1 35. Rb3 Ra1 36. Rd3 Rxa4 37. f4 Rb4 38. Kg4 a4 39. Kf5 Rb3 40. Rd1
a3 41. h6 gxh6 42. g6 hxg6+ 43. Kxg6 Rg3+ 44. Kxh6 Ke6 0-1

[Event "FICGS__CHESS__THEMATIC_TOURNAMENT__0000"]
[Site "FICGS"]
[Date "2009.08.25"]
[Round "1"]
[White "Savu, Alex"]
[Black "Simmelink, Joop"]
[Result "0-1"]
[WhiteElo "1350"]
[BlackElo "2167"]
[PlyCount "26"]
[EventDate "2009.??.??"]
[EventType "swiss"]
[EventRounds "1"]
[SourceTitle "OM Corr 202003"]
[Source "Opening Master"]
[SourceDate "2019.05.30"]
[SourceVersion "2"]
[SourceVersionDate "2019.05.30"]
[SourceQuality "1"]

1. e4 e5 2. Nf3 Nc6 3. c3 d5 4. Qa4 Bd7 5. exd5 Nd4 6. Qd1 Nxf3+ 7. Qxf3 Nf6 8.
Bc4 e4 9. Qg3 Bd6 10. Qxg7 Rg8 11. Qh6 Rxg2 12. Kf1 Rxf2+ 13. Kxf2 Ng4+ 0-1

[Event "FICGS__CHESS__THEMATIC_TOURNAMENT__0000"]
[Site "FICGS"]
[Date "2009.08.25"]
[Round "1"]
[White "Nenciulescu, Silviu Catalin"]
[Black "Savu, Alex"]
[Result "1-0"]
[WhiteElo "2163"]
[BlackElo "1350"]
[PlyCount "51"]
[EventDate "2009.??.??"]
[EventType "swiss"]
[EventRounds "1"]
[SourceTitle "OM Corr 202003"]
[Source "Opening Master"]
[SourceDate "2019.05.30"]
[SourceVersion "2"]
[SourceVersionDate "2019.05.30"]
[SourceQuality "1"]

1. e4 e5 2. Nf3 Nc6 3. c3 d5 4. Qa4 dxe4 5. Nxe5 Qd5 6. Nxc6 bxc6 7. Bc4 Qc5 8.
O-O Bf5 9. d4 exd3 10. Re1+ Be7 11. Bf4 Be6 12. Bxe6 fxe6 13. Re5 Qb6 14. Nd2
Nf6 15. Rxe6 O-O 16. Rxe7 Nd5 17. Be3 Qxb2 18. Rxg7+ Kxg7 19. Rb1 Qc2 20. Qg4+
Kf7 21. Qf5+ Kg7 22. Qg5+ Kf7 23. Bd4 Ke8 24. Re1+ Kd7 25. Qg7+ Kc8 26. Qxf8+
1-0

[Event "FICGS__CHESS__THEMATIC_TOURNAMENT__0000"]
[Site "FICGS"]
[Date "2009.08.25"]
[Round "1"]
[White "Bromo, Alexis"]
[Black "Simmelink, Joop"]
[Result "0-1"]
[WhiteElo "1441"]
[BlackElo "2167"]
[PlyCount "46"]
[EventDate "2009.??.??"]
[EventType "swiss"]
[EventRounds "1"]
[SourceTitle "OM Corr 202003"]
[Source "Opening Master"]
[SourceDate "2019.05.30"]
[SourceVersion "2"]
[SourceVersionDate "2019.05.30"]
[SourceQuality "1"]

1. e4 e5 2. Nf3 Nc6 3. c3 d5 4. Bb5 Bc5 5. b4 dxe4 6. Nxe5 Qf6 7. bxc5 Qxe5 8.
Bxc6+ bxc6 9. O-O Qd5 10. Ba3 Nf6 11. h3 Qg5 12. Kh1 Ba6 13. Re1 O-O 14. Qa4
Bd3 15. Qxc6 Qh4 16. Kg1 Nh5 17. Re3 Nf4 18. Rxd3 Nxd3 19. c4 Qxf2+ 20. Kh1 Ne1
21. Qxe4 Rae8 22. Qg4 Re2 23. c6 Qf1+ 0-1

[Event "FICGS__CHESS__THEMATIC_TOURNAMENT__0000"]
[Site "FICGS"]
[Date "2009.08.25"]
[Round "1"]
[White "Batal, Jean"]
[Black "Savu, Alex"]
[Result "1-0"]
[WhiteElo "1697"]
[BlackElo "1350"]
[PlyCount "69"]
[EventDate "2009.??.??"]
[EventType "swiss"]
[EventRounds "1"]
[SourceTitle "OM Corr 202003"]
[Source "Opening Master"]
[SourceDate "2019.05.30"]
[SourceVersion "2"]
[SourceVersionDate "2019.05.30"]
[SourceQuality "1"]

1. e4 e5 2. Nf3 Nc6 3. c3 d5 4. Qa4 Bd7 5. exd5 Nd4 6. Qd1 Nxf3+ 7. Qxf3 f5 8.
Bc4 Bd6 9. Na3 a6 10. O-O Qe7 11. Bb3 O-O-O 12. Nc4 e4 13. Nxd6+ Qxd6 14. Qe3
Kb8 15. d4 h6 16. c4 Nf6 17. Bd2 Ng4 18. Qg3 Qxg3 19. hxg3 b5 20. c5 g5 21.
Rfc1 Rh7 22. d6 cxd6 23. c6 Bc8 24. a4 bxa4 25. Ba5 Rdh8 26. Rxa4 Ka7 27. c7
Bb7 28. Rb4 e3 29. Be6 exf2+ 30. Kf1 Re7 31. Rxb7+ Kxb7 32. c8=Q+ Rxc8 33.
Bxc8+ Ka7 34. Rc6 Re8 35. Rxa6+ 1-0

[Event "FICGS__CHESS__THEMATIC_TOURNAMENT__0000"]
[Site "FICGS"]
[Date "2009.08.25"]
[Round "1"]
[White "D'Ettorre, Rodolfo"]
[Black "Caeiro, Pedro"]
[Result "1-0"]
[WhiteElo "1950"]
[BlackElo "1400"]
[PlyCount "65"]
[EventDate "2009.??.??"]
[EventType "swiss"]
[EventRounds "1"]
[SourceTitle "OM Corr 202003"]
[Source "Opening Master"]
[SourceDate "2019.05.30"]
[SourceVersion "2"]
[SourceVersionDate "2019.05.30"]
[SourceQuality "1"]

1. e4 e5 2. Nf3 Nc6 3. c3 Bc5 4. b4 Bd6 5. Bc4 Nf6 6. d3 h6 7. O-O b6 8. Nh4
Ne7 9. f4 exf4 10. Qe2 Nc6 11. e5 Qe7 12. Bxf4 Bxe5 13. Nf5 Bd4+ 14. Nxd4 Qxe2
15. Nxe2 d6 16. Nd2 O-O 17. Bxh6 gxh6 18. Rxf6 Kg7 19. Raf1 Ne5 20. Bb3 Be6 21.
Bxe6 fxe6 22. Rxf8 Rxf8 23. Rxf8 Kxf8 24. Nf4 Ke7 25. Kf2 c5 26. bxc5 bxc5 27.
Ke3 d5 28. h3 Nd7 29. Nf3 Kd6 30. g4 e5 31. Ng6 Nb6 32. Ngxe5 d4+ 33. cxd4 1-0

[Event "FICGS__CHESS__THEMATIC_TOURNAMENT__0000"]
[Site "FICGS"]
[Date "2009.08.25"]
[Round "1"]
[White "Savu, Alex"]
[Black "D'Ettorre, Rodolfo"]
[Result "0-1"]
[WhiteElo "1350"]
[BlackElo "1950"]
[PlyCount "64"]
[EventDate "2009.??.??"]
[EventType "swiss"]
[EventRounds "1"]
[SourceTitle "OM Corr 202003"]
[Source "Opening Master"]
[SourceDate "2019.05.30"]
[SourceVersion "2"]
[SourceVersionDate "2019.05.30"]
[SourceQuality "1"]

1. e4 e5 2. Nf3 Nc6 3. c3 d5 4. Qa4 Nf6 5. Nxe5 Bd6 6. Nxc6 bxc6 7. exd5 O-O 8.
dxc6 Qe7+ 9. Be2 Re8 10. Qd1 Ng4 11. d3 Bc5 12. O-O Qxe2 13. Qxe2 Rxe2 14. d4
Bb6 15. a4 a5 16. Na3 Be6 17. f3 Ne5 18. Rf2 Rxf2 19. Kxf2 Re8 20. Ke2 Nxc6 21.
Kd3 Bf5+ 22. Kd2 f6 23. Nc4 Ba7 24. b3 Rb8 25. Ra3 g5 26. g4 Be6 27. Kd3 Kf7
28. Bd2 Kg6 29. Be1 f5 30. gxf5+ Bxf5+ 31. Kd2 Be6 32. Bg3 Bb6 0-1

[Event "FICGS__CHESS__THEMATIC_TOURNAMENT__0000"]
[Site "FICGS"]
[Date "2009.08.25"]
[Round "1"]
[White "Batal, Jean"]
[Black "Bromo, Alexis"]
[Result "1-0"]
[WhiteElo "1697"]
[BlackElo "1441"]
[PlyCount "31"]
[EventDate "2009.??.??"]
[EventType "swiss"]
[EventRounds "1"]
[SourceTitle "OM Corr 202003"]
[Source "Opening Master"]
[SourceDate "2019.05.30"]
[SourceVersion "2"]
[SourceVersionDate "2019.05.30"]
[SourceQuality "1"]

1. e4 e5 2. Nf3 Nc6 3. c3 d5 4. Qa4 Bd7 5. exd5 Nce7 6. Qb3 b6 7. Bc4 Nf6 8. d6
Ned5 9. Bxd5 Nxd5 10. Qxd5 Bxd6 11. O-O Be6 12. Qb5+ Bd7 13. Qe2 a6 14. Nxe5
Bxe5 15. Qxe5+ Kf8 16. d4 1-0

[Event "FICGS__CHESS__THEMATIC_TOURNAMENT__0000"]
[Site "FICGS"]
[Date "2009.08.25"]
[Round "1"]
[White "Simmelink, Joop"]
[Black "Nenciulescu, Silviu Catalin"]
[Result "1/2-1/2"]
[WhiteElo "2167"]
[BlackElo "2163"]
[PlyCount "69"]
[EventDate "2009.??.??"]
[EventType "swiss"]
[EventRounds "1"]
[SourceTitle "OM Corr 202003"]
[Source "Opening Master"]
[SourceDate "2019.05.30"]
[SourceVersion "2"]
[SourceVersionDate "2019.05.30"]
[SourceQuality "1"]

1. e4 e5 2. Nf3 Nc6 3. c3 d5 4. Bb5 dxe4 5. Nxe5 Qd5 6. Qa4 Nge7 7. f4 exf3 8.
Nxf3 a6 9. Be2 Bd7 10. O-O Ng6 11. Qb3 Qxb3 12. axb3 Bd6 13. d4 O-O 14. Ng5
Rae8 15. Bd3 Nd8 16. Ne4 Be7 17. Ng3 c5 18. d5 Ne5 19. Bc2 f6 20. Nf5 Ndf7 21.
Be3 Bxf5 22. Bxf5 g6 23. Be6 Kg7 24. Nd2 Nd8 25. Bc8 f5 26. Bf2 Bd6 27. Rae1
Ng4 28. g3 Nxf2 29. Kxf2 Rxe1 30. Rxe1 Bb8 31. Re7+ Rf7 32. Re8 Rf8 33. Rxf8
Kxf8 34. Nc4 Bc7 35. Ke3 1/2-1/2

[Event "XIV. Sakkozo Magyarok World Meeting"]
[Site "Lakitelek, Hungary"]
[Date "2009.08.24"]
[Round "5"]
[White "Kosa, Jeno"]
[Black "Kajari, Istvan"]
[Result "1/2-1/2"]
[WhiteElo "2104"]
[BlackElo "2233"]
[PlyCount "27"]
[EventDate "2009.??.??"]
[EventRounds "9"]
[EventCountry "HUN"]
[SourceTitle "OM OTB B 201907"]
[Source "Opening Master"]
[SourceDate "2019.07.06"]
[SourceVersion "2"]
[SourceVersionDate "2019.07.06"]
[SourceQuality "1"]

1. e4 e5 2. Nf3 Nc6 3. c3 Nf6 4. d4 Nxe4 5. d5 Ne7 6. Nxe5 Ng6 7. Nxg6 hxg6 8.
Qe2 Qe7 9. Bf4 d6 10. Na3 Nc5 11. O-O-O Qxe2 12. Bxe2 a6 13. Rhe1 Be7 14. Nc2
1/2-1/2

[Event "XIV. Sakkozo Magyarok World Meeting"]
[Site "Lakitelek, Hungary"]
[Date "2009.08.24"]
[Round "5"]
[White "Juhasz, Barbara"]
[Black "Irimias, Robert"]
[Result "1/2-1/2"]
[WhiteElo "1871"]
[BlackElo "1765"]
[PlyCount "79"]
[EventDate "2009.??.??"]
[EventRounds "9"]
[EventCountry "HUN"]
[SourceTitle "OM OTB B 201907"]
[Source "Opening Master"]
[SourceDate "2019.07.06"]
[SourceVersion "2"]
[SourceVersionDate "2019.07.06"]
[SourceQuality "1"]

1. e4 e5 2. Nf3 Nc6 3. c3 Nf6 4. d4 exd4 5. e5 Nd5 6. cxd4 d6 7. Qb3 dxe5 8.
dxe5 Bb4+ 9. Bd2 Bxd2+ 10. Nbxd2 O-O 11. Bc4 Na5 12. Qd3 Nb4 13. Qxd8 Rxd8 14.
O-O Bg4 15. Rac1 c6 16. Rfe1 Nxc4 17. Rxc4 Nd3 18. Re3 Be6 19. Rd4 Nxb2 20. Rb4
Nd1 21. Re1 Nc3 22. Rxb7 Bxa2 23. Kf1 Nb5 24. Ne4 Bc4+ 25. Kg1 Be6 26. Neg5 Bd5
27. e6 fxe6 28. Nxe6 Re8 29. Nxg7 Rxe1+ 30. Nxe1 a5 31. Nc2 Ra7 32. Rxa7 Nxa7
33. Nh5 a4 34. Nf6+ Kg7 35. Nxd5 cxd5 36. Na3 Kf6 37. Kf1 Nc6 38. Ke2 Ke5 39.
Kd3 h5 40. Nb5 1/2-1/2